000 01282nam a2200313 4500
003 EC-UNACH
005 20260313165630.0
006 s||||gr|||| 00| 00
008 150116t9999 mx r gr 000 0 spa d
020 _a978-607-32-1449-0
040 _aEC-UNACH
_cEC-UNACH
041 _aspa
082 0 4 _223
_a802
_bL018597
100 _aDe Teresa, Adriana
245 _aLiteratura 1.
_bCompetencias - Aprendizaje + Vida
250 _aSegunda, Edición.
264 _aMéxico D.F., México.
_bPearson Educación de México D.F.
_c2012
300 _a232 páginas.
_bIlustraciones, Tablas.
_c21 x 27 cm
501 _aIncluye: Contenido, Presentación, Bibliografía, Heteroevaluación.
505 _aBloque 1. Identificas la lectura como arte -- Bloque 2. Reconoces el género narrativo -- Bloque 3. Reconoces las diferencias entre fábula y epopeya -- Bloque 4. Reconoces las diferencias entre la leyenda y el mito -- Bloque 5. Comprendes las características del cuento -- Bloque 6. Comprendes las características de la novela.
650 _aLECTURA
650 _aARTE
650 _aGÉNEROS
700 _aAchugar, Elionora
942 _2ddc
_c1
999 _c14416